[Event "Wch U12"]
[Site "Oropesa del Mar"]
[Date "1999.11.05"]
[Round "11"]
[White "Alavi, Sayed Javad"]
[Black "Zhaoya, Lu"]
[Result "1/2-1/2"]
[WhiteElo "2260"]
[BlackElo "2413"]
[PlyCount "63"]
[EventDate "1999.10.24"]
[EventType "swiss"]
[EventRounds "11"]
[EventCountry "ESP"]
[SourceTitle "CBM 072 Extra"]
[Source "ChessBase"]
[SourceDate "1999.11.18"]
[SourceVersion "1"]
[SourceVersionDate "1999.11.18"]
[SourceQuality "1"]

1. e4 c5 2. Nf3 e6 3. d4 cxd4 4. Nxd4 a6 5. Bd3 Nc6 6. Nxc6 dxc6 7. 0-0 e5 8. Qe2 Qc7 9. a4 a5 10. Kh1 Bd6 11. Nd2 Ne7 12. Nc4 Ng6 13. Be3 Qe7 14. Nxd6+ Qxd6 15. Qd2 0-0 16. Rad1 Be6 17. Be2 Qe7 18. Bb6 Qh4 19. Bf3 Nf4 20. Qc3 Bg4 21. Rd2 Bxf3 22. Qxf3 Ne6 23. Qf5 Qe7 24. c3 Nc5 25. Bxc5 Qxc5 26. Rfd1 b5 27. axb5 Qxb5 28. h3 a4 29. Qd7 h6 30. Qd3 Qb6 31. Qd6 Rfe8 32. Qd3 1/2-1/2

[Event "Wch U12"]
[Site "Oropesa del Mar"]
[Date "1999.11.02"]
[Round "9"]
[White "Huang, Tong"]
[Black "Zhaoya, Lu"]
[Result "1/2-1/2"]
[WhiteElo "2418"]
[BlackElo "2413"]
[PlyCount "44"]
[EventDate "1999.10.24"]
[EventType "swiss"]
[EventRounds "11"]
[EventCountry "ESP"]
[SourceTitle "CBM 072 Extra"]
[Source "ChessBase"]
[SourceDate "1999.11.18"]
[SourceVersion "1"]
[SourceVersionDate "1999.11.18"]
[SourceQuality "1"]

1. c4 Nf6 2. Nc3 c5 3. Nf3 Nc6 4. d4 cxd4 5. Nxd4 d5 6. g3 e6 7. Bg2 Bc5 8. Nxc6 bxc6 9. Qa4 Qb6 10. e3 0-0 11. cxd5 cxd5 12. 0-0 Bd7 13. Qh4 Bb4 14. Bd2 a5 15. e4 Bxc3 16. Bxc3 Nxe4 17. Bxe4 dxe4 18. Qxe4 Qc6 19. Qd4 f5 20. Rfd1 Rf7 21. Rd3 e5 22. Qd6 Qb7 1/2-1/2